عرض عادي
عرض مارك
- Ophthalmology
مدخل مصطلح موضوعي
001 - رقم الضبط
- حقل الضبط: 58378
003 - معرف رقم الضبط
- حقل الضبط: OSt
005 - تاريخ ووقت أخر عملية
- حقل الضبط: 20170803185849.0
008 - عناصر بيانات ثابتة الطول
- حقل تحكم ثابت الطول: 170803|| aca||aabn | a|a d
040 ## - مصدر الفهرسة
- هيئة الفهرسة الأصلية: OSt
- وكالة الكتابة: OSt
150 ## - مدخل-- مصطلح تاريخي
- عنصر مدخل المصطلح الموضوعي او الاسم الجغرافي: Ophthalmology
- تفريع شكلي: Handbooks, manuals, etc.
670 ## - بيانات المصدر موجوده
- الاستشهاد بالمصدر: Work cat.: (OSt)0: Denniston, Alastair K. O., author. 58377, Oxford handbook of ophthalmology /
